000 00725nam a2200289Ia 4500
005 20260324114200.0
008 008 260324s9999 xx 000 0 eng d
020 _a9781003140245
037 _aEBOOK
040 _aCRL
040 _beng
040 _cCRL
041 _2eng
041 _aeng
084 _qCRL
100 _aRoland J. Thorpe Jr.; DeMond S. Miller
_91149759
245 0 _aHealth Disparities, Disasters, and Crises
245 0 _bApproaches for a Culture of Preparedness
260 _bTaylor and Francis
260 _c2023
365 _a
365 _b120
856 _uhttp://www.taylorfrancis.com/books/9781003140245
942 _cEBOOK
999 _c1739798
_d1739798